Piazzamenti dell'Italia agli Europei - Statistics

Statistiche generali
  • Questo quiz è stato fatto 36 volte
  • Il punteggio medio è 6 su 11
Statistiche sulle risposte
Hint Risposta % Corretto
2020 Vincitore
97%
2024 Ottavi di finale
86%
1968 Vincitore
72%
2016 Quarti di finale
69%
2012 Secondo posto
69%
2000 Secondo posto
62%
2008 Quarti di finale
45%
2004 Fase a gironi
34%
1996 Fase a gironi
28%
1988 Semifinale
17%
1980 Quarto posto
10%
Nessun quiz corrispondente trovato
Distribuzione punteggi
Percentuale di utenti per punteggio
Percentile per numero di risposta
I tuoi punteggi nel tempo
Non hai fatto questo quiz